| 000 | 00807nam a2200193 a 4500 | ||
|---|---|---|---|
| 001 | 000039630 | ||
| 005 | 20201002033641.0 | ||
| 008 | 130712s2000 sp ac 000 0 spa d | ||
| 040 |
_aDO-SdBNP _bspa _cBNPHU |
||
| 100 | 1 |
_aCornago Bernal, Óscar _965810 |
|
| 245 | 1 | 0 |
_aDiscurso teórico y puesta en escena en los años sesenta : _bla encrucijada de los "realismos". / _cÓscar Cornago Bernal. |
| 260 |
_aMadrid : _bConsejo Superior de Investigaciones Científicas, _c2000. |
||
| 300 |
_a677 p. ; _c26 cm. |
||
| 490 | 1 |
_aAnejos de revista de literatura _v50 |
|
| 504 | _aIncluye referencias bibliográficas y notas al pie de las páginas | ||
| 504 | _aBibliografía : p. 647 - 677 | ||
| 710 | 2 |
_aConsejo Superior de Investigaciones Científicas, _94786 |
|
| 830 | 0 |
_aAnejos de revista de literatura _v50 _915426 |
|
| 999 |
_c39120 _d39120 |
||